London Underground station words - Statistics

General Stats
  • This quiz has been taken 564 times
  • The average score is 11 of 15
Answer Stats
Number of stations Answer % Correct
23 Park
95%
11 Road
94%
9 West
93%
8 East
92%
7 North
92%
8 South
92%
9 Street
92%
10 Green
79%
5 Central
73%
5 Lane
71%
9 Hill
67%
5 Town
50%
6 and
48%
5 Ruislip
37%
5 Harrow
33%
No matching quizzes found
Score Distribution
Percent of People with Each Score
Percentile by Number Answered
Your Score History
You have not taken this quiz